00926nam a22001577a 4500008004100000020001500041050001300056100002000069245004900089250001200138260003300150300003100183500004800214505049100262650001500753120625t xxu||||| |||| 00| 0 eng d a9988028377 aPS507.A9 aAgyekum, Kofi  aIntroduction to literature. /c Kofi Agyekum a2nd ed. aAccra:bMedia design,c2007. axii,162 p.:bill.;c22 cm. aIncludes bibliography and glossary of terms aContents: Introduction: Literature: Definition and characteristics of literature -- The Interdependency literature -- The Interdependency literature and society -- Oral literature -- The Oral artist, writer and context -- Style -- Stylistic qualities in oral literature -- Parallelism -- Fiction -- Drama -- Poetry -- Forms of literacy works -- Literary work -- Literary devices or figures of speech -- Types of literary movements and literary criticisms -- Glossary of literary terms. aLiterature